000 00251nam a2200121Ia 4500
003 LDD
040 _cLDD
041 _aen
245 0 _aReview of Religions to be entered
260 _c1 Jul-31 Dec,2006
362 _a101-101
_b07-Dec
942 _2ddc
_cJ
999 _c179592
_d179592